Statystyki dla Miasta przy Drodze Krajowej nr 36

Kliknij tutaj aby rozwiązać quiz!

Ogólne statystyki

  • Ten quiz został rozwiązany 23 razy
  • Średni wynik to 6 z 9

Statystyki odpowiedzi

LudnośćWojewództwoMiasto% Poprawnych
72 300DolnośląskieLubin
95%
71 931WielkopolskieOstrów Wielkopolski
95%
29 113WielkopolskieKrotoszyn
86%
20 567WielkopolskieRawicz
81%
5 530DolnośląskieŚcinawa
57%
3 210WielkopolskieMiejska Górka
48%
3 288WielkopolskieKobylin
43%
2 660DolnośląskieWąsosz
38%
3 577DolnośląskieProchowice
33%

Rozkład punktacji

Percentyl według liczby udzielonych odpowiedzi

Procent ludzi z każdym wynikiem

Twoja historia wyników

Nie rozwiązałeś tego quizu